Statistics for They Shoot Pictures, Don't They? - films 961 to 980

Click here to take the quiz!

General Stats

  • This quiz has been taken 10 times
  • The average score is 10 of 20

Answer Stats

Answer% Correct
Roman Holiday
88%
The Godfather Part 3
88%
The Lord of the Rings: The Return of the King
88%
The Return
75%
Who's Afraid of Virginia Woolf?
75%
Beyond the Valley of the Dolls
63%
Before Sunrise
50%
Blood Simple
50%
Caro Diario
50%
Cul-de-sac
50%
Rope
50%
The Last Detail
50%
They Live
50%
Saturday Night and Sunday Morning
38%
The Killer
38%
Berlin: Symphony of a Great City
25%
Elevator to the Gallows
25%
Le Trou
25%
Naked Childhood
25%
The Saga of Anatahan
25%

Score Distribution

Percentile by Number Answered

Percent of People with Each Score

Your Score History

You have not taken this quiz